[Event "ROM-ch U14"]
[Site "Calimanesti"]
[Date "2013.04.03"]
[Round "2"]
[White "Herea, Sergiu Gabriel"]
[Black "Costachi, Mihnea"]
[Result "0-1"]
[WhiteElo "1776"]
[BlackElo "2085"]
[PlyCount "106"]
[EventDate "2013.04.02"]
[EventType "swiss"]
[EventRounds "9"]
[EventCountry "ROU"]
[SourceTitle "CBM 153 Extra"]
[Source "ChessBase"]
[SourceDate "2013.04.22"]
[SourceVersion "1"]
[SourceVersionDate "2013.04.22"]
[SourceQuality "1"]

1. d4 Nf6 2. Nf3 g6 3. c4 Bg7 4. Nc3 d6 5. Bf4 Bf5 6. e3 Nh5 7. Bg3 Nc6 8. Be2 Nxg3 9. hxg3 e5 10. d5 Ne7 11. e4 Bg4 12. Nh4 Bxe2 13. Qxe2 Qd7 14. 0-0-0 0-0-0 15. Kb1 Kb8 16. Qe3 h6 17. Nb5 Nc8 18. Rc1 Bf6 19. Rc3 a6 20. Na3 Bxh4 21. Rxh4 f5 22. Rc1 g5 23. Rh2 Rdf8 24. f3 f4 25. gxf4 Rxf4 26. Rch1 Qg7 27. Nc2 Ne7 28. Ne1 Ng6 29. Nd3 Rf7 30. g3 Nf8 31. b4 Qf6 32. Ne1 Nd7 33. c5 dxc5 34. bxc5 b6 35. c6 Nc5 36. Rb2 Ka7 37. Ka1 g4 38. Rf1 Qg6 39. Re2 gxf3 40. Rxf3 Rhf8 41. Rxf7 Rxf7 42. Nd3 Rf1+ 43. Kb2 Nxd3+ 44. Qxd3 Qf6 45. Qc2 Rf3 46. Rd2 Qd6 47. Rd3 Qb4+ 48. Rb3 Qd4+ 49. Ka3 Rf2 50. Qc3 Qd1 51. Qe3 Qc2 52. Kb4 Rf3 53. Qg1 Rf2 0-1

[Event "World School-ch U13 8th"]
[Site "Iasi"]
[Date "2012.05.05"]
[Round "8"]
[White "Herea, Sergiu Gabriel"]
[Black "Oyama, Akito"]
[Result "1-0"]
[WhiteElo "1797"]
[BlackElo "1886"]
[PlyCount "111"]
[EventDate "2012.04.28"]
[EventType "swiss"]
[EventRounds "9"]
[EventCountry "ROU"]
[SourceTitle "EXT 2013"]
[Source "ChessBase"]
[SourceDate "2012.11.22"]
[SourceVersion "1"]
[SourceVersionDate "2012.11.22"]
[SourceQuality "1"]

1. d4 Nf6 2. Nf3 e6 3. c4 b6 4. Bg5 h6 5. Bh4 g5 6. Bg3 Ne4 7. Nfd2 Nxg3 8. hxg3 Bg7 9. e3 c5 10. Nb3 0-0 11. Nc3 cxd4 12. exd4 Bb7 13. Qd2 f5 14. 0-0-0 a6 15. Kb1 Qe7 16. f4 g4 17. Qf2 Rc8 18. d5 Bxc3 19. bxc3 Kh7 20. Qd4 Qf8 21. dxe6 dxe6 22. Qd6 Be4+ 23. Kb2 Qf7 24. Qxb6 Nc6 25. Qf2 a5 26. Nc5 Rcb8+ 27. Ka1 a4 28. Bd3 Qf6 29. Nxe4 fxe4 30. Bxe4+ Kg8 31. Qc2 Nb4 32. Qc1 Ra7 33. Qe3 Rc7 34. Qd4 Qxd4 35. Rxd4 Nc6 36. Bxc6 Rxc6 37. Rxh6 Rcb6 38. Rh1 Rb2 39. Rd8+ Rxd8 40. Kxb2 Rd2+ 41. Ka3 Rxg2 42. c5 Rxg3 43. Kb4 Rf3 44. c6 Rxf4+ 45. Kb5 Kg7 46. c7 Rf8 47. Rg1 e5 48. Rxg4+ Kf6 49. Kb6 Ke6 50. c4 e4 51. Rxe4+ Kd7 52. Rd4+ Kc8 53. c5 a3 54. Rd8+ Rxd8 55. cxd8Q+ Kxd8 56. Kb7 1-0